Trasa poznańskiej "Świątecznej Bimby" - linia 24 - Statystyki

Ogólne statystyki
  • Ten quiz został rozwiązany 30 razy
  • Średni wynik to 22 z 25
Statystyki odpowiedzi
Przystanek % Poprawnych
7 Dworzec Zachodni
100%
19 Dworzec Zachodni
100%
8 Most Dworcowy
100%
18 Most Dworcowy
100%
6 Park Wilsona
92%
20 Park Wilsona
92%
9 Rondo Kaponiera
92%
17 Rondo Kaponiera
92%
10 Zamek
92%
16 Zamek
92%
14 27 Grudnia
88%
12 Aleje Marcinkowskiego
88%
13 Aleje Marcinkowskiego
88%
1 Górczyn PKM
88%
25 Górczyn PKM
88%
15 Gwarna
88%
4 Głogowska/Hetmańska
84%
22 Głogowska/Hetmańska
84%
3 Krauthofera
84%
23 Krauthofera
84%
5 Rynek Łazarski
84%
21 Rynek Łazarski
84%
2 Sielska
72%
24 Sielska
72%
11 Ratajczaka
68%
Nie znaleziono quizów pasujących do podanych kryteriów
Rozkład punktacji
Procent ludzi z każdym wynikiem
Percentyl według liczby udzielonych odpowiedzi
Twoja historia wyników
Nie rozwiązałeś tego quizu